000 01035nam a22003137a 4500
001 BR6002970
003 BR-BrBNA
005 20230928083143.0
007 ta
008 230509b bl.||||| |||| 00| 0 por d
040 _aBR-BrBNA
_bpor
_cBiblioteca Nacional de Agricultura
041 _a(Por)
072 _aE10
_b/G514
090 _ E10 BR6002970
100 1 _aSaylor, R.G.
100 1 _aAraujo, P.F.C. de
100 1 _aNeves, E.M.
110 1 _aEscola Superior de Agricultura Luiz de Queiroz, Piracicaba, SP (Brasil)
111 1 _aSeminario da Pesquisa sobre as Alternativas de Desenvolvimento dos Grupos de Baixa Renda na Agricultura Brasileira
_cPiracicaba, SP (Brazil)
_d18 Feb 1974
245 1 _aCredito em agricultura de subsistencia: alguns instrumentos de analise [Brasil]
260 3 _aPiracicaba, SP (Brasil):
_c1974.
300 _a21 p.
500 _a6 graphs; 15 ref.
650 _aMacroeconomia
650 _aAgricultor
650 _aBaixa renda
909 _a202309
_bLucia
_c55
_dLucia Elande
942 _cBK
999 _c11856
_d11856